Berlin, Hauptstadt der DDR : historische Strassen und Plätze heute

Hlavní autor: Volk, Waltraud
Jazyk: Němčina
Vydáno: Berlin, 1978
Knihy
Uloženo v:
LEADER 00523nam a22001692a 4500
001 000175251
003 CZ BrMZK
005 19961101143423.0
007 ta
008 950101s1978 gw f ger d
040 |a BOA001  |b cze 
100 1 |a Volk, Waltraud  |7 ola2005262856 
245 1 0 |a Berlin, Hauptstadt der DDR :  |b historische Strassen und Plätze heute 
260 |a Berlin,  |c 1978 
910 |a BOA001  |b 4-0691.590-78 
990 |a BK 
996 6 |b 2619948698  |c 4-0691.590-78  |l MZK  |r Sklad / do 1 hodiny  |n 2  |w 000175251  |u 000010  |a 1  |e BOA001  |j MZK50  |s P